LEADER 02169nam 2200469 450 001 9910796991303321 005 20220519105336.0 010 $a1-5381-1465-8 035 $a(CKB)3840000000342478 035 $a(MiAaPQ)EBC5294989 035 $a(Au-PeEL)EBL5294989 035 $a(CaPaEBR)ebr11512401 035 $a(OCoLC)1023497370 035 $a(EXLCZ)993840000000342478 100 $a20220519d2018 uy 0 101 0 $aeng 135 $aurcnu|||||||| 181 $ctxt$2rdacontent 182 $cc$2rdamedia 183 $acr$2rdacarrier 200 14$aThe long game on the Silk Road $eUS and EU strategy for Central Asia and the Caucasus /$fS. Frederick Starr, Svante E. Cornell 210 1$aLanham :$cRowman & Littlefield,$d[2018] 210 4$dİ2018 215 $a1 online resource (163 pages) 311 $a1-5381-1464-X 311 $a1-5381-1463-1 327 $aThe Long Game On The Silk Road -- Contents -- Acknowledgements -- 1. Introduction -- 2. Setting the Scene: Central Asia and the Caucasus, 1991-2016 -- 3. Western Activity and Achievements in the Caucasus and Central Asia -- 4. A Deeper Look: Shortcomings of Western Policy -- 5. Structural Problems and their Solutions -- 6. Updating and Upgrading Strategic Assumptions and Practices -- 7. The Way Ahead -- Authors -- Index. 330 $aIn the past 25 years, America and Europe both developed relations with Central Asia and the Caucasus. This book argues that American and European policies suffer from both conceptual and structural impediments. It provides detailed analysis of these policies and proposes constructive recommendations for their improvement. 607 $aUnited States$xForeign relations$zAsia, Central 607 $aAsia, Central$xForeign relations$zUnited States 607 $aUnited States$xForeign relations$zCaucasus 676 $a327.73058 686 $a08.08.08$2EP-CLASS 700 $aStarr$b S. Frederick$037370 702 $aCornell$b Svante E. 801 0$bMiAaPQ 801 1$bMiAaPQ 801 2$bMiAaPQ 906 $aBOOK 912 $a9910796991303321 996 $aThe long game on the Silk Road$93729275 997 $aUNINA LEADER 03064oam 2200565 450 001 9910784474203321 005 20170523091551.0 010 $a1-317-46375-7 010 $a1-315-70207-X 010 $a1-317-46376-5 010 $a1-280-91267-7 010 $a9786610912674 010 $a0-7656-2182-7 024 7 $a10.4324/9781315702070 035 $a(OCoLC)368063730 035 $a(MiFhGG)GVRL1XIU 035 $a(EXLCZ)991000000000348444 100 $a20050323d2006 uy 0 101 0 $aeng 135 $aurun|---uuuua 181 $ctxt 182 $cc 183 $acr 200 00$aNorth Korea $ethe politics of regime survival /$fYoung Whan Kihl and Hong Nack Kim, editors 210 1$aArmonk, N.Y. :$cM.E. Sharpe,$d2006. 215 $a1 online resource (xi, 322 pages) $cillustrations 225 0 $aGale eBooks 300 $aFirst published 2006 by M.E. Sharpe. 311 $a0-7656-1639-4 311 $a0-7656-1638-6 320 $aIncludes bibliographical references (p. 299-308) and index. 327 $aStaying power of the socialist "hermit kingdom" / Young Whan Kihl -- Emergence of the second republic: the Kim regime adapts to the challenge of modernity / Alexandre Y. Mansourov -- Kim Jong Il's military first politics / Ilpyong J. Kim -- Reconciling nuclear standoff and economic shortfalls: Pyongyang's perspective / C. Kenneth Quinones -- North Korea's weapons of mass destruction / Larry A. Niksch -- North Korea's economic crisis, reforms, and policy implications / Dick K. Nanto -- U.S.-DPRK relations in the Kim Jong Il era / Robert A. Scalapino -- Japanese-North Korean relations under the Koizumi government / Hong Nack Kim -- Sino-North Korean relations in the post-Cold War world / Samuel S. Kim -- Russo-North Korean relations under Kim Jong Il / Peggy Falkenheim Meyer -- North Korea-South Korea relations in the Kim Jong Il era / Seongji Woo -- (Bi-) multilateral approaches to defusing nuclear crisis: beyond the six-party talks as peace strategy / Young Whan Kihl -- Why hasn't North Korea collapsed? understanding the recent past, thinking about the future / Nicholas Eberstadt. 330 $aFeaturing contributions by some of the leading experts in Korean studies, this book examines the political content of Kim Jong-Il's regime maintenance, including the domestic strategy for regime survival and North Korea's foreign relations with South Korea, Russia, China, Japan, and the United States. 606 $aPolitical science$zKorea (North)$xHistory 606 $aSelf-reliance 607 $aKorea (North)$xEconomic policy 607 $aKorea (North)$xForeign relations 607 $aKorea (North)$xMilitary policy 607 $aKorea (North)$xPolitics and government 615 0$aPolitical science$xHistory. 615 0$aSelf-reliance. 676 $a320.95193 702 $aKihl$b Young W.$f1932- 702 $aKim$b Hong Nack 801 0$bMiFhGG 801 1$bMiFhGG 906 $aBOOK 912 $a9910784474203321 996 $aNORTH Korea$91193164 997 $aUNINA